Good Kid Lyrics - The Lightning Thief Musical - Statistics

General Stats
  • This quiz has been taken 37 times
  • The average score is 296 of 357
Answer Stats
Hint Answer % Correct
a
100%
A
100%
of
95%
The
95%
the
95%
to
95%
be
91%
ever
91%
go,
91%
go
91%
good
91%
I
91%
kid
91%
kid,
91%
Percy
91%
Percy,
91%
all
86%
All
86%
And
86%
and
86%
anything
86%
bags
86%
bags,
86%
But
86%
do
86%
find
86%
in
86%
it
86%
kicked
86%
me
86%
mean
86%
meant
86%
my
86%
Never
86%
never
86%
no
86%
No
86%
on
86%
out
86%
out,
86%
schools
86%
she
86%
Ensemble | Percy Six
86%
six
86%
years,
86%
years
86%
you
86%
your
86%
always
82%
anyone
82%
at
82%
away
82%
bad
82%
been
82%
blame
82%
Dad
82%
every
82%
Every
82%
hurt
82%
mom
82%
one
82%
Pack
82%
pack
82%
place.
82%
side
82%
son
82%
stay
82%
stole
82%
take
82%
that
82%
there
82%
try
82%
was
82%
will
82%
belong
77%
chin
77%
enough
77%
fall
77%
finally
77%
for
77%
friends
77%
Guess
77%
haven
77%
I'm
77%
is
77%
it's
77%
nothing
77%
now
77%
Now
77%
prove
77%
She's
77%
smack
77%
someone
77%
swear
77%
swear,
77%
where
77%
wrong
77%
you're
77%
asks
73%
can
73%
case
73%
chance
73%
come
73%
down
73%
ends
73%
Everybody
73%
get
73%
had
73%
head
73%
how'd
73%
keep
73%
last
73%
like
73%
need
73%
safe
73%
same
73%
taken
73%
tells
73%
that's
73%
'Till
73%
up,
73%
up
73%
who's
73%
with
73%
Yeah,
73%
act
68%
are
68%
Don't
68%
Everything
68%
family
68%
Gabe
68%
jerk
68%
mattered,
68%
old
68%
only
68%
rap
68%
rep
68%
run
68%
song:
68%
story,
68%
strong.
68%
Well,
68%
worldclass
68%
air
64%
battle
64%
bum
64%
grades
64%
into
64%
really
64%
someplace
64%
vanished
64%
everyday
59%
hope
59%
they're
59%
proud
55%
round
50%
No matching quizzes found
Score Distribution
Percent of People with Each Score
Percentile by Number Answered
Your Score History
You have not taken this quiz